000 00806cam a22002291a 4500
001 ne 68002525
003 DLC
005 20260227111844.0
008 850305s1968 ua 001 0 arar
010 _ane 68002525
035 _a(OCoLC)11766292
040 _aDLC
_cTxU-L
_dTxU-L
_dDLC
042 _apremarc
050 0 0 _aKRM4048
_b.S25 1968
100 1 _aSālim, ʻAbd al-Muhaymin Bakr.
245 1 3 _aal-Qism al-khāṣṣ fī qānūn al-ʻuqūbāt :
_bJarāʼim al-iʻtidāʼ ʻalā al-ashkhāṣ wa-al-amwāl /
_cʻAbd al-Muhaymin Bakr.
260 _aal-Qāhirah :
_bDār al-Nahḍah al-ʻArabīyah,
_c1968.
300 _a538 p. ;
_c24 cm.
504 _aIncludes bibliographical references and index.
650 0 _aOffenses against the person
_zEgypt.
650 0 _aOffenses against property
_zEgypt.
999 _c50545
_d50545